Better Together: What on Earth are we here for (Record no. 4260)

MARC details
000 -LEADER
fixed length control field 00389nam a22001457a 4500
008 - FIXED-LENGTH DATA ELEMENTS--GENERAL INFORMATION
fixed length control field 250710b |||||||| |||| 00| 0 eng d
020 ## - INTERNATIONAL STANDARD BOOK NUMBER
ISBN 9781417403268
100 ## - MAIN ENTRY--AUTHOR
Author Warren Rick
245 ## - TITLE STATEMENT
Title Better Together: What on Earth are we here for
260 ## - PUBLICATION, DISTRIBUTION, ETC. (IMPRINT)
Place of publication Lagos
Name of publisher Purpose Driven Publishing
Date of publication 2004
300 ## - COLLATION
Pagination Iv, 239p.
650 ## - TRACINGS
Main Subject Christian life
942 ## - ADDED ENTRY ELEMENTS (KOHA)
Item type Books
050 ## - LIBRARY OF CONGRESS CALL NUMBER
Classification number BV625
Item number .W25
Holdings
Source of classification or shelving scheme Not for loan Permanent location Current location Date acquired Accession No. Full call number Barcode. Koha item type
Library of Congress Classification   Samuel Ogbemudia Main Library, University of Abuja Samuel Ogbemudia Main Library, University of Abuja 07/10/2025 2025/65212 BV625.W25 2025-3012 Books